Le Corbusier public architecture 80 (Record no. 12368)

000 -LEADER
fixed length control field 00360 a2200145 4500
003 - CONTROL NUMBER IDENTIFIER
control field OSt
005 - DATE AND TIME OF LATEST TRANSACTION
control field 20240116145355.0
008 - FIXED-LENGTH DATA ELEMENTS--GENERAL INFORMATION
fixed length control field 240116b ||||| |||| 00| 0 eng d
020 ## - INTERNATIONAL STANDARD BOOK NUMBER
International Standard Book Number 9781864708974
082 ## - DEWEY DECIMAL CLASSIFICATION NUMBER
Classification number 724.6
Item number FEI
100 ## - MAIN ENTRY--PERSONAL NAME
Personal name Fei, Yu
245 ## - TITLE STATEMENT
Title Le Corbusier public architecture 80
260 ## - PUBLICATION, DISTRIBUTION, ETC. (IMPRINT)
Name of publisher, distributor, etc Images Publishing Group Pty Ltd
Date of publication, distribution, etc 2021
942 ## - ADDED ENTRY ELEMENTS (KOHA)
Source of classification or shelving scheme
Holdings
Withdrawn status Lost status Source of classification or shelving scheme Damaged status Koha normalized classification for sorting Not for loan Permanent location Current location Date acquired Source of acquisition Cost, normal purchase price Full call number Barcode Date last seen Cost, replacement price Price effective from Koha item type
        724_600000000000000_FEI   BMS College of Architecture, Design and Planning BMS College of Architecture, Design and Planning 2024-01-16 1 2276.40 724.6 FEI AR-UG3650 2024-01-16 3035.20 2024-01-16 UG Books
Copyright © 2025, The Librarian, Library and Information Centre, BMSCA D&P, Bengaluru. All Rights Reserved
web counter

Powered by Koha